Language Quiz

Random Language or Letter Quiz

4-Letter Word Grid Quiz Stats

 Plays Quiz Updated Mar 11, 2021

Support Sporcle.
Go Orange.
Score 0/19 Timer 03:00
2 Plays Today
% Correct
PLAY
91.4%
CLAY
90.1%
GRAY
81.9%
PLOY
79%
BUSY
74.2%
GREY
71.3%
QUAY
69.7%
TRAY
67.2%
DRAY
66.9%
BUOY
56.4%
% Correct
POSY
53.1%
CLOY
48.7%
TREY
43.8%
DREY
43.6%
POLY
42.3%
RACY
40.2%
LACY
37.9%
ALLY
12.6%
AWAY
12%

You're not logged in!

Compare scores with friends on all Sporcle quizzes.
OR
Log In

From the Vault

Find the 5 Pillars of Islam

by CCCP

The Five Pillars of Islam are the framework of the Muslim life. Can you name them?
Remove Ads.
Support Sporcle.
Get the best of Sporcle when you Go Orange. This ad-free experience offers more features, more stats, and more fun while also helping to support Sporcle. Thank you for becoming a member.

Show Comments

Extras

Top Quizzes Today


Score Distribution

Your Account Isn't Verified!

In order to create a playlist on Sporcle, you need to verify the email address you used during registration. Go to your Sporcle Settings to finish the process.

Report this User

Report this user for behavior that violates our Community Guidelines.

Details: